Fr. Conceicao Rodrigues College of Engineering

Electronic Business (Record no. 23418)

MARC details
000 -LEADER
fixed length control field 00301nam a2200157Ia 4500
082 ## - DEWEY DECIMAL CLASSIFICATION NUMBER
Classification number 658.4
Item number SAM
100 ## - MAIN ENTRY--PERSONAL NAME
Personal name Sampson/Geoffrey
250 ## - EDITION STATEMENT
Edition statement 2
245 ## - TITLE STATEMENT
Title Electronic Business
260 ## - PUBLICATION, DISTRIBUTION, ETC.
Name of publisher, distributor, etc. BCS
Date of publication, distribution, etc. 2009
366 ## - TRADE AVAILABILITY INFORMATION
Publishers's discount category 20
300 ## - PHYSICAL DESCRIPTION
Extent 257
546 ## - LANGUAGE NOTE
Language note ENGLISH
-- TTL
942 ## - ADDED ENTRY ELEMENTS (KOHA)
Koha item type BOOK
Holdings
Withdrawn status Lost status Damaged status Not for loan Collection Home library Current library Date acquired Source of acquisition Cost, normal purchase price Inventory number Total Checkouts Full call number Barcode Date last seen Cost, replacement price Price effective from Koha item type
        CRC Fr. Agnel's C.Rodrigues College of Engineering Fr. Agnel's C.Rodrigues College of Engineering 17/03/2023 Book Base 276.00 10809 dt 26/04/2011   658.4 SAM 21579 17/03/2023 345.00   BOOK